منهاج السنة النبوية ;; minhaj alsunat alnabawiat : (Record no. 79415)
[ view plain ]
| 000 -LEADER | |
|---|---|
| fixed length control field | 01380nam a2200265 a 4500 |
| 001 - CONTROL NUMBER | |
| control field | 79415 |
| 003 - CONTROL NUMBER IDENTIFIER | |
| rucl marc code | BD-RjUL |
| 005 - DATE AND TIME OF LATEST TRANSACTION | |
| control field | 20220217133511.0 |
| 008 - FIXED-LENGTH DATA ELEMENTS--GENERAL INFORMATION | |
| fixed length control field | 160725s1962 le ||| | ara d |
| 035 ## - SYSTEM CONTROL NUMBER | |
| System control number | (BD-RjUL)79415 |
| 040 ## - CATALOGING SOURCE | |
| Original cataloging agency | HAI |
| Transcribing agency | BD-RjUL |
| Language of cataloging | eng |
| 041 0# - LANGUAGE CODE | |
| Language code of text/sound track or separate title | ara |
| 082 ## - DEWEY DECIMAL CLASSIFICATION NUMBER | |
| Edition number | 23 |
| Classification number | 297.8 |
| Author mark and year | IBM 1962 |
| 100 1# - MAIN ENTRY--PERSONAL NAME | |
| Personal name | ابن تيمية، احمد بن عبد الحليم، ;; Ibn Taymiyyah, Ahmad Ibn Abd al-Halim, |
| Dates associated with a name | 1263-1328 |
| 9 (RLIN) | 847 |
| 245 10 - TITLE STATEMENT | |
| Title | منهاج السنة النبوية ;; minhaj alsunat alnabawiat : |
| Remainder of title | في نقض كلام الشيعة القدرية ;; fi naqd kalam alshiyeat alqadariat / |
| Statement of responsibility, etc. | liabn taymiat abi aleabaas taqi aldiyn ahmad bin eabd alhalim ; tahqiq muhamad rashad salim ;; لابن تيمية ابي العباس تقي الدين احمد بن عبد الحليم ؛ تحقيق محمد رشاد سالم |
| 260 ## - PUBLICATION, DISTRIBUTION, ETC. (IMPRINT) | |
| Place of publication, distribution, etc. | القاهرة ;; alqahirat : |
| Name of publisher, distributor, etc. | مطبعة المدني،;; matbaeat almadani, |
| Date of publication, distribution, etc. | ١٩٦٢[1962] |
| 300 ## - PHYSICAL DESCRIPTION | |
| Pagination | ٢ م. : |
| Illustrations | لوحات ؛ |
| Size | ٢٤ س. |
| 490 1# - SERIES STATEMENT | |
| Series statement | rawayie alturath alearabii ;; روائع التراث العربي |
| 505 ## - FORMATTED CONTENTS NOTE | |
| Formatted contents note | Vol.1.--v,2.-- |
| 650 #4 - SUBJECT ADDED ENTRY--TOPICAL TERM | |
| Topical term or geographic name as entry element | Islam |
| General subdivision | Doctrines |
| 9 (RLIN) | 210 |
| Topical term or geographic name as entry element | Hanbalites |
| 9 (RLIN) | 1455 |
| 700 1# - ADDED ENTRY--PERSONAL NAME | |
| Personal name | Salem, Mohamed Rashad Rafeeq ;; سالم، محمد رشاد رفيق |
| 830 #0 - SERIES ADDED ENTRY--UNIFORM TITLE | |
| Uniform title | rawayie alturath alearabii;; روائع التراث العربي |
| 942 ## - ADDED ENTRY ELEMENTS (KOHA) | |
| Source of classification or shelving scheme | Dewey Decimal Classification |
| Koha item type | Books |
| Lost status | Source of classification or shelving scheme | Damaged status | Not for loan | Collection code | Permanent Location | Current Location | Shelving location | Date acquired | Full call number | Date last seen | Copy number | Koha item type | Source of acquisition | Cost, normal purchase price |
|---|---|---|---|---|---|---|---|---|---|---|---|---|---|---|
| Dewey Decimal Classification | Not For Loan | Non-fiction | Central Library, University of Rajshahi | Central Library, University of Rajshahi | Reading Room | 17/04/1964 | A 297.8 IBM V-1 1962 | 17/02/2022 | C-2 | Books | ||||
| Dewey Decimal Classification | Non-fiction | Central Library, University of Rajshahi | Central Library, University of Rajshahi | General Stacks | 17/04/1964 | A 297.8 IBM V-1 1962 | 17/02/2022 | C-1 | Books | |||||
| Dewey Decimal Classification | Not For Loan | Non-fiction | Central Library, University of Rajshahi | Central Library, University of Rajshahi | Reading Room | 22/07/1968 | A 297.8 IBM V-2 1963 | 17/02/2022 | C-1 | Books | Swets & Zeitlinger | 70.25 |